[Event "SRI-ch (Women)"]
[Site "Nugegoda"]
[Date "2021.12.26"]
[Round "4"]
[White "Ramanayake, Nemindi Linaya"]
[Black "Herath, HMRMK"]
[Result "1-0"]
[WhiteElo "1328"]
[BlackElo "1559"]
[PlyCount "61"]
[EventDate "2021.12.24"]
[EventType "tourn"]
[EventRounds "13"]
[EventCountry "SRI"]
[SourceTitle "CBM 205 Extra"]
[Source "ChessBase"]
[SourceDate "2022.01.31"]
[SourceVersion "1"]
[SourceVersionDate "2022.01.31"]
[SourceQuality "1"]

1. e4 c5 2. Nf3 d6 3. d4 cxd4 4. Qxd4 Nc6 5. Bb5 Bd7 6. Bxc6 Bxc6 7. Nc3 Nf6 8. Bg5 e5 9. Qd3 h6 10. Bxf6 Qxf6 11. 0-0-0 Be7 12. Kb1 0-0 13. h4 a5 14. g4 Qf4 15. g5 h5 16. a4 Rab8 17. Rdf1 Rfd8 18. Nd2 d5 19. Nxd5 Bxd5 20. exd5 Qxa4 21. Re1 Bd6 22. Nc4 Qe8 23. Nxd6 Rxd6 24. f4 Qd7 25. Rxe5 Rd8 26. c4 b5 27. c5 Rxd5 28. Rxd5 Qxd5 29. Qxd5 Rxd5 30. c6 Rc5 31. Rc1 1-0

[Event "SRI-chB (Women)"]
[Site "Colombo"]
[Date "2016.03.21"]
[Round "9"]
[White "Ranasinghe, Diyana Sithuwanthi"]
[Black "Herath, HMRMK"]
[Result "0-1"]
[WhiteElo "1274"]
[BlackElo "1434"]
[PlyCount "152"]
[EventDate "2016.03.12"]
[EventType "swiss"]
[EventRounds "10"]
[EventCountry "SRI"]
[SourceTitle "CBM 171 Extra"]
[Source "ChessBase"]
[SourceDate "2016.04.26"]
[SourceVersion "1"]
[SourceVersionDate "2016.04.26"]
[SourceQuality "1"]

1. d4 Nf6 2. c4 e6 3. a3 b6 4. Nc3 Bb7 5. Nf3 d6 6. Bg5 Be7 7. e3 Nbd7 8. Be2 0-0 9. 0-0 c5 10. Re1 d5 11. cxd5 Nxd5 12. Bxe7 Qxe7 13. Nxd5 Bxd5 14. Rc1 Rfd8 15. Bc4 Bxc4 16. Rxc4 Nf6 17. Qe2 Ne4 18. Rd1 b5 19. Rcc1 c4 20. Ne5 Qb7 21. f3 Nf6 22. Qd2 Rac8 23. Qb4 Nd5 24. Qd2 Qb6 25. Rc2 f6 26. Ng4 h5 27. Nf2 a5 28. Rdc1 Rd7 29. Ne4 Rdc7 30. Nc5 Qd6 31. Re1 Qb6 32. Kh1 Re7 33. Nb3 Rec7 34. Nc5 Re7 35. Nb3 Rb8 36. Nc5 Kf7 37. Re2 Nc7 38. Re1 Na6 39. Nxa6 Qxa6 40. Rec1 Rc7 41. Qe2 Rbc8 42. Kg1 Rc6 43. Qe1 Qb6 44. Qe2 Qc7 45. Qe1 Qa7 46. Qe2 Qe7 47. Qe1 Qa7 48. Qe2 Qe7 49. Kh1 e5 50. Qd2 exd4 51. Qxd4 Qd6 52. Rd2 Qxd4 53. Rxd4 c3 54. b3 c2 55. Kg1 Rc3 56. Rd2 Rxb3 57. Rdxc2 Rxc2 58. Rxc2 Rxa3 59. e4 b4 60. Rb2 b3 61. Kf1 a4 62. Ke1 Ra2 63. Rb1 Rxg2 64. Rd1 Rg1+ 65. Kd2 Rxd1+ 66. Kxd1 a3 67. Kc1 b2+ 68. Kc2 g5 69. h3 Ke6 70. Kb1 Ke5 71. Kc2 Kd4 72. Kb1 Kc3 73. Ka2 Kc2 74. f4 b1Q+ 75. Kxa3 Kc3 76. fxg5 Qb3# 0-1

[Event "SRI-chB (Women)"]
[Site "Colombo"]
[Date "2016.03.19"]
[Round "6"]
[White "Herath, HMRMK"]
[Black "Yapa Bandara, Chamodya"]
[Result "0-1"]
[WhiteElo "1434"]
[BlackElo "1493"]
[PlyCount "140"]
[EventDate "2016.03.12"]
[EventType "swiss"]
[EventRounds "10"]
[EventCountry "SRI"]
[SourceTitle "CBM 171 Extra"]
[Source "ChessBase"]
[SourceDate "2016.04.26"]
[SourceVersion "1"]
[SourceVersionDate "2016.04.26"]
[SourceQuality "1"]

1. d4 Nf6 2. Nf3 g6 3. e3 c5 4. c3 b6 5. Bd3 Bg7 6. Nbd2 Bb7 7. b3 0-0 8. Bb2 d5 9. Ne5 Nc6 10. f4 Nxe5 11. fxe5 Nd7 12. 0-0 e6 13. e4 Qg5 14. Qe2 Bh6 15. Rad1 Qe3+ 16. Rf2 f6 17. exd5 cxd4 18. cxd4 fxe5 19. Nc4 Rxf2 20. Qxf2 Qxf2+ 21. Kxf2 Rf8+ 22. Ke2 Bxd5 23. Ba3 Rf4 24. Rg1 exd4 25. Nd6 Bf8 26. Nb5 Bxa3 27. Nxa3 Nc5 28. Bc4 Bxc4+ 29. Nxc4 Kf7 30. b4 Ne4 31. Ne5+ Kf6 32. Nd3 Nc3+ 33. Kd2 Re4 34. Nc1 Ke5 35. Rf1 Re3 36. Rf7 Ne4+ 37. Kc2 Rc3+ 38. Kd1 Kd6 39. Ne2 Rd3+ 40. Ke1 Re3 41. Kd1 d3 42. Ng3 Nxg3 43. hxg3 Rxg3 44. Rxh7 Rxg2 45. Rxa7 Ke5 46. a4 Kd4 47. Rd7+ Ke3 48. Kc1 Rg1+ 49. Kb2 d2 50. Kc2 Rc1+ 51. Kb3 d1Q+ 52. Rxd1 Rxd1 53. a5 bxa5 54. bxa5 g5 55. a6 Ra1 56. Kc4 Rxa6 57. Kc5 g4 58. Kb5 Ra1 59. Kc5 g3 60. Kd6 g2 61. Kxe6 g1Q 62. Kd5 Qg4 63. Kc5 Ra5+ 64. Kb6 Qb4+ 65. Kc6 Rc5+ 66. Kd6 Qd4+ 67. Ke6 Re5+ 68. Kf6 Qf4+ 69. Kg6 Rg5+ 70. Kh6 Qh4# 0-1

[Event "SRI-chB (Women)"]
[Site "Colombo"]
[Date "2016.03.19"]
[Round "5"]
[White "Koswattha, KWDMDI"]
[Black "Herath, HMRMK"]
[Result "1/2-1/2"]
[WhiteElo "1496"]
[BlackElo "1434"]
[PlyCount "199"]
[EventDate "2016.03.12"]
[EventType "swiss"]
[EventRounds "10"]
[EventCountry "SRI"]
[SourceTitle "CBM 171 Extra"]
[Source "ChessBase"]
[SourceDate "2016.04.26"]
[SourceVersion "1"]
[SourceVersionDate "2016.04.26"]
[SourceQuality "1"]

1. e4 c5 2. Nf3 e6 3. c4 g6 4. d3 Bg7 5. g3 Ne7 6. Bg2 Nbc6 7. Nc3 0-0 8. a3 d5 9. Bd2 dxc4 10. dxc4 b6 11. 0-0 Qd3 12. Rc1 Qd7 13. Qc2 Nd4 14. Qd3 Nec6 15. Rfd1 Ba6 16. Nxd4 cxd4 17. f4 Rfd8 18. Ne2 Rac8 19. b4 Ne7 20. b5 Bb7 21. Be3 e5 22. fxe5 Bxe5 23. Bxd4 f5 24. Qc3 Bxd4+ 25. Rxd4 Qc7 26. Rxd8+ Rxd8 27. Nf4 Kf7 28. Nd5 Nxd5 29. exd5 Qc5+ 30. Kf1 Re8 31. Rd1 Re3 32. Rd3 Re7 33. a4 Qd6 34. Kf2 Qc5+ 35. Kf1 Qd6 36. Bf3 Ke8 37. Re3 Rxe3 38. Qxe3+ Kd7 39. Ke2 Bc8 40. Kf2 Kc7 41. Qc3 Bd7 42. Ke3 g5 43. Qd4 Qa3+ 44. Kd2 Qa2+ 45. Kd3 Qb1+ 46. Kc3 Qa1+ 47. Kd3 Qa3+ 48. Ke2 Qa2+ 49. Ke1 Qb1+ 50. Bd1 Qb4+ 51. Ke2 Qe7+ 52. Qe3 Qf6 53. Kd3 f4 54. gxf4 gxf4 55. Qd4 Qd6 56. Ke4 f3 57. Bxf3 Qxh2 58. Qe5+ Qxe5+ 59. Kxe5 Be8 60. Ke6 Kd8 61. Kf6 Bg6 62. Be2 Kd7 63. Bg4+ Kd6 64. Bf5 Bh5 65. Bc2 Be2 66. Bb3 Bd3 67. Kg5 Bb1 68. Kh6 Bd3 69. Ba2 Bc2 70. Kg5 Ke5 71. Kh6 Kd6 72. Kg5 Ke5 73. Kh5 Kd6 74. Kg5 Ke5 75. a5 Kd6 76. axb6 axb6 77. Kf4 Bd3 78. Ke3 Bg6 79. Bb3 Kc5 80. Kf4 Kd6 81. Ke3 Bf5 82. Bd1 Kc5 83. Be2 Bg6 84. Bd3 Be8 85. Kf4 Bd7 86. Kg5 Kd4 87. Bf1 Ke5 88. Be2 Be8 89. Bh5 Bd7 90. Kh6 Bf5 91. Be2 Kd4 92. Kg5 Ke5 93. Kh6 Kd4 94. Kg5 Ke5 95. Kh6 Kd4 96. Kg5 Ke5 97. Kh4 Bg6 98. Kg5 Bf5 99. Kh6 Bg6 100. Kg5 1/2-1/2

[Event "SRI-chB (Women)"]
[Site "Colombo"]
[Date "2016.03.13"]
[Round "4"]
[White "Herath, HMRMK"]
[Black "Jayaweera, Sayuni Gihansa"]
[Result "0-1"]
[WhiteElo "1434"]
[BlackElo "1525"]
[PlyCount "124"]
[EventDate "2016.03.12"]
[EventType "swiss"]
[EventRounds "10"]
[EventCountry "SRI"]
[SourceTitle "CBM 171 Extra"]
[Source "ChessBase"]
[SourceDate "2016.04.26"]
[SourceVersion "1"]
[SourceVersionDate "2016.04.26"]
[SourceQuality "1"]

1. d4 Nf6 2. c4 c5 3. d5 b5 4. cxb5 a6 5. bxa6 Bxa6 6. Nc3 g6 7. g3 d6 8. Bg2 Bg7 9. Nf3 Nbd7 10. 0-0 0-0 11. Re1 Qb6 12. Rb1 Ng4 13. Qc2 c4 14. e3 Nge5 15. Rd1 Nd3 16. Ne1 N7c5 17. Bd2 Bb7 18. b3 cxb3 19. axb3 Nb4 20. Qc1 Rfc8 21. Bf1 Nxd5 22. Nxd5 Bxd5 23. Bc4 Be4 24. Bc3 Bxc3 25. Qxc3 Bxb1 26. Rxb1 e6 27. Qb2 d5 28. Bd3 Qb4 29. Be2 Rab8 30. Nd3 Nxd3 31. Bxd3 Qc3 32. Ba6 Qxb2 33. Rxb2 Rc6 34. Be2 Rb4 35. Kf1 e5 36. Rd2 Rc5 37. Rb2 d4 38. Bd1 d3 39. Ke1 e4 40. Kd2 Kg7 41. f3 f5 42. g4 exf3 43. Bxf3 fxg4 44. Bd1 Rd5 45. Kc3 Re4 46. Kd2 h5 47. b4 Rb5 48. Kxd3 Rexb4 49. Rc2 Rb2 50. Rc7+ Kh6 51. Bc2 h4 52. Rc6 Rb6 53. Rc4 R2b4 54. Rc5 g3 55. hxg3 hxg3 56. Ke2 g2 57. Kf2 Rg4 58. Kg1 Ra6 59. Rd5 Rg5 60. Rd1 Ra2 61. Bd3 Rh5 62. Bxg6 Rh1# 0-1